<The> effect of expenditure aggregation on hypothesis tests in consumer demand systems.

Odhad zamerania dopytu. Štúdia testovania výsledkov dopytu. Štruktúra spotrebiteľských preferencií. Technika výberu vhodných testovacích skupín. Špecifikácie spotrebiteľského dopytu. Ekonomické dôsledky hromadenia tovaru. Pohyby cien. Porovnanie niekoľkých testovacích spôsobov.

Enregistré dans:
Détails bibliographiques
Auteur principal: Nicol, Ch.J
Format: Chapitre de livre
Langue:anglais
Sujets:
Tags: Ajouter un tag
Pas de tags, Soyez le premier à ajouter un tag!

MARC

LEADER 00000naa a2200000 4500
001 r011057
005 20221213084213.0
041 0 |a eng 
044 |a US 
245 1 0 |a <The> effect of expenditure aggregation on hypothesis tests in consumer demand systems.  |c Ch.J. Nicol 
520 |a Odhad zamerania dopytu. Štúdia testovania výsledkov dopytu. Štruktúra spotrebiteľských preferencií. Technika výberu vhodných testovacích skupín. Špecifikácie spotrebiteľského dopytu. Ekonomické dôsledky hromadenia tovaru. Pohyby cien. Porovnanie niekoľkých testovacích spôsobov. 
610 2 0 |a dopyt spotrebiteľský 
610 2 0 |a výdavky 
610 2 0 |a ceny 
610 2 0 |a analýza zhluková 
610 2 0 |a testovanie hypotéz 
610 2 0 |a modely dopytu 
610 2 0 |a spotrebitelia 
610 2 0 |a výdavky obyvateľstva 
100 1 |a Nicol, Ch.J.